| 000 | 01602nam a2200253Ia 4500 | ||
|---|---|---|---|
| 003 | Ost | ||
| 005 | 20260507075008.0 | ||
| 008 | 260507s9999||||xx |||||||||||||| ||und|| | ||
| 040 | _cfsecg | ||
| 041 | _aara | ||
| 082 | _a346.02 | ||
| 100 |
_aعبد الحميد، مفتاح خليفة _eمؤلف |
||
| 245 | 0 |
_aالعقود الإدارية و أحكام إبرامها / _c مفتاح خليفة عبد الحميد |
|
| 260 |
_aالاسكندرية: _bدار المطبوعات الجامعية, _c2008 |
||
| 300 |
_a484 صفحة؛ _c24 سم |
||
| 504 | _aبيبليوغرافيا: ص. 465 | ||
| 520 | _aالعقد الإداري يلعب دورا مهما في تسيير النشاط الإداري ،أي يقوم على فكرة تغليب المصلحة العامة على المصلحة الخاصة في حالة تعارضهما ،وتتناول هذه الدراسة :العقد الإداري و أحكام إبرامه في القانون الليبي . حيث تم تقسيم هذه الدراسة إلى خمسة أبواب :1-مدلول العقد الإداري و معيار تميزه .2- أحكام إبرام العقد الإداري .3- آثار العقد الإداري .4- تفسير و نهاية العقد الإداري .5- الرقابة القضائية على العقد الإداري. | ||
| 653 | _aالادارة | ||
| 653 | _aالعقود الإدارية | ||
| 653 | _aالقانون الاداري | ||
| 653 | _aالمسؤولية الادارية | ||
| 700 |
_aالشلماني، حمد محمد حمد _eمؤلف ثانوي |
||
| 942 | _cكتاب | ||
| 999 |
_c42133 _d42133 |
||